[Event "Corus Wijk aan Zee"]
[Site " Wijk aan Zee"]
[Date "2007.01.26"]
[Round "11"]
[White "GM Navarra, David (CZE)"]
[Black "GM Motylev, Alexander(RUS)"]
[Result "1/2-1/2"]
[WhiteElo "2719"]
[BlackElo "2647"]
[Annotator "Âàñèëèé Ëåáåäåâ"]
[PlyCount "84"]
[EventDate "2007.01.??"]
[EventType "tourn"]
[EventCountry "NED"]
[EventCategory "19"]
[Source "CrestBook.com"]

{Ï,òð Âåëèêîëåïíûé, âîçðîäèâøèé èíòðèãó    Àâòîðû êîììåíòàðèåâ - krey (>= 74,
75), Vas (>= 72,73) è vasa (>= 71, 76).    Âñå ëþáèòåëè øàõìàò äîëæíû ñêàçàòü
áîëüøîå ñïàñèáî Ïåòðó Ñâèäëåðó. Íå òîëüêî çà èíòåðåñíóþ â øàõìàòíîì ïëàíå
ïàðòèþ, íî, åù¸ â áîëüøåé ñòåïåíè, - çà âîçðîæä,ííóþ èíòðèãó. Òåïåðü âñ¸ -
àáñîëþòíî íåÿñíî. È ñòàëè âîçìîæíû ñîâñåì óæ ôàíòàñòè÷åñêèå âàðèàíòû è
ðàñêëàäû! .    Ïîñìîòðèòå íà òàáëèöó:  1. Òîïàëîâ - 71/2. 2-4. L. Aronian, P.
Svidler , T. Radjabov - 7. 4-5. V. Anand, V. Kramnik - 61/2. Èç ýòîé
âåëèêîëåïíîé øåñò,ðêè ïîáåäèòü ìîæåò ëþáîé! Ê òîìó åñëè ó÷åñòü òîò ôàêò,
÷òî â 12-ì òóðå ìåæäó ñîáîé èãðàþò Òîïàëîâ è Êðàìíèê...  Íó à â 11-é èãðîâîé
äåíü ïîëó÷èëñÿ «ïîëíûé äæåíòëüìåíñêèé íàáîð»: 2 ðåçóëüòàòèâíûõ ïàðòèè, 2
«ñóõàðèêà» è 3 ïîëíîêðîâíûå íè÷üè.  Ñ îäíîé èç ïîñëåäíèõ è íà÷í,ì ñâîé
î÷åðåäíîé îáçîð.} 1. d4 d5 {Ýòó ïàðòèþ ïðèøëîñü àíàëèçèðîâàòü ïîñëå òðèëëåðà
Ñâèäëåð - Òîïàëîâ...  Òàê ÷òî, äåáþò ïðîñêàêèâàåì íà ýêñïðåññå.} 2. c4 c6 3.
Nc3 Nf6 4. Nf3 dxc4 5. a4 Bf5 6. e3 e6 7. Bxc4 Bb4 8. Ne5 Nbd7 9. Nxd7 Qxd7 10.
O-O O-O 11. f3 Rfd8 12. Qb3 {Íà ïåðâûé âçãëÿä - î÷åíü ñïîêîéíàÿ ïîçèöèÿ. Ê
òîìó æå ðåçóëüòàòû áåëûõ çäåñü âåñüìà íåïëîõè.} {Îäíàêî ñëåäóåò} Qe7 $1 $146 {
Î÷åâèäíûé, åñòåñòâåííûé õîä - íî òàê åù¸ íèêòî íå èãðàë! Íîâèíêà! È òàêîå ó
ìåíÿ ñëîæèëîñü âïå÷àòëåíèå, ÷òî ÷¸ðíûå ìîìåíòàëüíî óðàâíèâàþò ïîëîæåíèå.
Êàê ìèíèìóì! À ïðè ñëó÷àå, òî åñòü ïðè íåòî÷íîé èãðå áåëûõ...  Îíî è ïîíÿòíî:
ê ìàò÷ó ñ Òîïàëîâûì â «Ñëàâÿíêå» ìíîãî ÷åãî îáíàðóæèëîñü...} ({Ðàíüøå çäåñü
ñëîíà è çàùèùàëè äâóìÿ ñïîñîáàìè 12...c5 (12...a5), è óâîäèëè â äâóõ ðàçíûõ
íàïðàâëåíèÿõ 12...Be7 (12...Ba5), ïîñëå ÷åãî ïîëó÷àëèñü ñëåäóþùèå
ðåçóëüòàòû: +2-0=2 â ïîëüçó áåëûõ!} 12... c5 13. Rd1 Qe7 14. e4 Bg6 15. Na2 Ba5
16. Bg5 cxd4 17. e5 Qc5 18. Qb5 Rdc8 19. exf6 Bc2 20. Bd3 Bxd1 21. Rxd1 Qxb5
22. axb5 Bd8 23. Be4 gxf6 24. Bf4 e5 25. Bg3 Rab8 26. Bd3 Bb6 27. Nc1 Re8 28.
Kf1 Rbc8 29. Ne2 Kg7 30. Bh4 f5 31. Ng3 Bd8 32. Nxf5+ Kf8 33. Be1 Re6 34. Bb4+
Kg8 35. b3 Rc7 36. g4 Bg5 37. Bc4 Re8 38. h4 Bf4 39. Nd6 Rd8 40. Ne4 Kg7 41.
Ke2 h6 42. Kd3 Rcd7 43. g5 hxg5 44. hxg5 Rh8 45. Nf6 Rdd8 46. Ng4 Rh3 47. Ke4
Bxg5 48. Rg1 f6 49. Be7 Rdh8 {
1-0 Vasilevich,T (2386)-Xu Yuanyuan (2410)/Elista 2004/CBM 100 ext}) (12... a5
13. Rd1 Bg6 14. e4 Qe7 15. Na2 Bc5 16. Be3 Ba7 17. Nc1 Rd7 18. Qc3 c5 19. Nb3 {
1/2-1/2 Harika,D (2358)-Swathi,G (2244)/Hyderabad IND 2006/The Week in Chess591
}) (12... Be7 13. Rd1 Ne8 14. e4 Bg6 15. Be3 Nd6 16. Bf1 f6 17. Qc2 Rac8 18.
Qf2 f5 19. e5 Ne8 20. f4 Nc7 21. Rdc1 Bb4 22. Na2 Ba5 23. Bc4 Bb6 24. Rd1 Nd5
25. Bxd5 Qxd5 26. Nc3 Qa5 27. Rd2 Rd7 28. Qf3 Rcd8 29. Ne2 Qb4 30. h3 c5 31.
Rad1 cxd4 32. a5 Bc5 33. a6 Rd5 34. axb7 Qxb7 35. Bxd4 Qb4 36. Kh2 Bxd4 37.
Nxd4 h6 38. Nc6 {1-0 Charlier,R-Piazzini,L/Mar del Plata 1936/HCL}) (12... Ba5
13. Rd1 Bg6 14. e4 Bb6 15. e5 Nd5 16. Bxd5 cxd5 17. a5 Bc7 18. Qxb7 a6 19. Qb3
Rab8 20. Qa3 {1/2-1/2 Kiselev,S (2437)-Kuporosov,V (2473)/Tula 2002/CBM 087 ext
}) 13. Rd1 Bg6 14. e4 e5 $1 {
Êðàñèâàÿ çàäóìêà. È, êàæåòñÿ, òóò «=», åñëè íå «=/+»! Øèêàðíî!} 15. Ne2 {
È çäåñü, ñîîáðàçèâ, ÷òî åãî, ÷òî íàçûâàåòñÿ, «âûëîâèëè», Äàâèä äâèíóëñÿ â
ñòîðîíó íè÷üè.} ({Äàâàéòå ïîñìîòðèì, ÷òî æå áûëî çàäóìàíî â ñëó÷àå} 15. dxe5
{Âèäèìî, ñëåäóþùåå:} Bc5+ $1 16. Kh1 ({
ñåé÷àñ íå ýíäøïèëü, ÷òîáû âïåð,ä ëåçòü:} 16. Kf1 $2 Ng4 $1) (16. Kf1 {ìîæíî è
} Qxe5) 16... Qxe5 ({ñëàáåå} 16... Rxd1+ 17. Nxd1 Qxe5 18. Be3 b6 19. Bxc5 Qxc5
20. Ne3 {, è, ïîêà ÷¸ðíûå íå ââåäóò â èãðó ñâîåãî ñëîíà, î ïîëíîì óðàâíåíèè
ðå÷ü âåñòè, êàê ìíå êàæåòñÿ, ðàíîâàòî}) {Ãëàâíûå ñîáûòèÿ ìîãëè ðàçâåðíóòüñÿ
ïîñëå «åñòåñòâåííîãî», çàïàñàþùåãîñÿ ìàòåðèàëü÷èêîì} 17. Qxb7 $6 ({
à íà ñèëüíåéøåå} 17. Bd2 $5 {ëó÷øå âñåãî, êàæåòñÿ} Rd7 18. Be1 Rad8 $11 {
, ðåøàÿ äåáþòíûå çàäà÷è)}) {...ìîã ñëó÷èòüñÿ æóòêèé ðàçãðîì} 17... Nh5 18. g3
(18. Qxc6 Ng3+) (18. Rxd8+ Rxd8 19. g3 Nxg3+ 20. Kg2 Nh5 21. Qxc6 Bd6 $19)
18... Nxg3+ $1 19. Kg2 $1 (19. hxg3 $4 {-} Qxg3 {ñ ìàòîì}) 19... Nxe4 $1 20.
Nxe4 (20. Rxd8+ Rxd8) 20... Bxe4 {È òåïåðü â ñëó÷àå} 21. Bxf7+ (21. Rxd8+ Rxd8
22. Qxf7+ Kh8 23. Qf4 Bxf3+ $1 24. Qxf3 Rf8 $17 {ñ âíóøèòåëüíûì ïðåèìóùåñòâîì})
{ïîëó÷àëîñü ñëåäóþùåå âåñåëüå:} 21... Kh8 22. fxe4 Qxe4+ 23. Kg3 Rab8 24. Qc7
Rd3+ 25. Rxd3 Qxd3+ 26. Kg2 (26. Kg4 Bd6 $19) 26... Qe2+ 27. Kh3 (27. Kg3 Bf2+)
27... Qf3+ 28. Qg3 Qf1+ 29. Kg4 Rb4+ 30. Bf4 Qxa1 31. Qd3 Bf8 $1 $19 {
Èòàê, ýêñïðåññ-àíàëèç ïîêàçàë, ÷òî ïîñëå íîâèíêè, ÷¸ðíûå, êàê ìèíèìóì,
óðàâíèâàëè. È ýòîíåìàëî!}) 15... exd4 16. Nxd4 Bc5 17. Be3 ({Åñëè} 17. Qc3 {
, òî} Bxe4 $1) 17... Bxe4 $3 {È âñ¸-òàêè ôèãóðà ÷¸ðíûìè áûëà ïîæåðòâîâàíà!}
18. fxe4 Ng4 $1 {Èãðà íà ñâÿçêó! Îáðàòèòå âíèìàíèå íà äèàãîíàëü à7-g1.} 19. Kh1
$1 {Åäèíñòâåííîå.} ({Ïðîèãðûâàåò} 19. Nf5 Qe5 20. g3 Nxe3 21. Nxe3 Qxe4 22.
Bxf7+ Kh8 23. Kf2 Rf8) 19... Qxe4 20. Bxf7+ Kh8 21. Qe6 $1 ({Ïîñëå} 21. Bg1
Bxd4 {íà äîñêå îñòàâàëèñü ðàçíîðîäíûå ë,ãêèå ôèãóðû, ÷òî åñòåñòâåííî, èãðàëî
íà ðóêó ÷¸ðíûì.}) 21... Qxe3 22. Qxg4 Bxd4 {Âîò ýòî äà! Âîò ýòî äîìàøíÿÿ
ïîäãîòîâêà. Âîò ýòî áîìáà! ×¸ðíûå, íà ïåðâûé âçãëÿä, íå îñîáî íàïðÿãàÿñü,
êðàñèâî âûøëè èç äåáþòà â ïåðñïåêòèâíûé ýíäøïèëü.} ({
È â ñëó÷àå 22...Rxd4 23.Rxd4 Qxd4} 22... Rxd4 23. Rxd4 Qxd4 {
, ÷¸ðíûå âûèãðûâàþò ïåøêó.}) {Íî íà äîñêå «ðàçíîöâåò», ïóñòü è îòÿãîù¸ííûé
òÿæ,ëûìè ôèãóðàìè...  Ïåðåâåñ åñòåñòâåííî ñîõðàíÿåòñÿ ó ÷¸ðíûõ äî ñàìîé
ôèêñàöèè íè÷åéíîãî èñõîäà. Íî íåðåàëèçîâàííûé ïåðåâåñ - ýòî âåùü åù¸ áîëåå
íåîñÿçàåìàÿ, íåæåëè ïðîøëîãîäíèé ñíåã...} 23. Ra3 Qe7 24. Qh5 Rd6 25. Rad3 c5
26. Bc4 {
Ñëîíû îáåèõ ñòîðîí, êàê ìû âèäèì, ñòðåëÿþò â ïóñòîòó è óãðîæàþò âàêóóìó.} Rh6
27. Qg4 Rf8 28. Rf3 Rhf6 29. Rxf6 Rxf6 {
Ïî îäíîé îëàäüå ðàçìåíÿëè - åù¸ íà øàã ïðèáëèçèëèñü ê íè÷üåé.} 30. b3 {
Óïëîòíèëèñü, óêðåïèëèñü è æä,ì, êîãäà æå îíî íàñòóïèò - ñâåòëîå íè÷åéíîå
áóäóùåå!} g6 31. h3 {Çàìåòüòå, âñå ôèãóðû áåëûõ ðàñïîëîæèëèñü íà áåëûõ ïîëÿõ!}
Kg7 32. Qe2 Qxe2 33. Bxe2 Re6 34. Bc4 Re7 35. g4 b6 36. Kg2 h5 {
Òî ëè ïîñëåäíÿÿ ïîïûòêà èãðû íà âûèãðûø, òî ëè ïðîñòî åù¸ îäèí õîä äî êîíòðîëÿ.
} 37. gxh5 gxh5 38. Rf1 Kg6 39. Bd3+ Kg7 40. Kg3 Kh6 41. Rf5 Bc3 42. Bc4 Kg6
1/2-1/2

[Event "Corus Wijk aan Zee"]
[Site " Wijk aan Zee"]
[Date "2007.01.26"]
[Round "11"]
[White "GM Ponomariov, Ruslan (UKR)"]
[Black "GM Tiviakov, Sergey (NED)"]
[Result "1/2-1/2"]
[WhiteElo "2723"]
[BlackElo "2667"]
[Annotator "Âàñèëèé Âèðøè÷"]
[PlyCount "53"]
[EventDate "2007.01.??"]
[EventType "tourn"]
[EventCountry "NED"]
[EventCategory "19"]
[Source "CrestBook.com"]

1. e4 c5 2. Nf3 Nc6 3. d4 cxd4 4. Nxd4 g6 5. Nc3 Bg7 6. Be3 Nf6 7. Bc4 {
Ïîðÿäîê õîäîâ, èçáðàííûé ÷¸ðíûìè èìåååò ñâîåé öåëüþ íå äîïóñòèòü «àòàêè
Ðàóçåðà».} ({Íå ãîäèòñÿ ñåé÷àñ} 7. f3 O-O 8. Qd2 {èç-çà} d5 $1 {
- è ó ÷¸ðíûõ íåò ïðîáëåì.}) 7... O-O 8. Bb3 a5 ({
Êàê òóò íå âñïîìíèòü êëàññè÷åñêèé ðàçãðîì:} 8... Na5 9. e5 Ne8 10. Bxf7+ $3 {
, âñòðåòèâøèéñÿ îòíþäü íå òîëüêî â ïàðòèè Ôèøåð - Ðåøåâñêèé (Íüþ-Éîðê 1958)...
}) 9. f3 ({Áåñïå÷íîå} 9. h3 {áûñòðî íàêàçûâàåòñÿ ïóò¸ì} a4 $1 10. Bxa4 Nxe4) (
{Íà ïðåäóïðåæäàþùåå ýòî} 9. a3 {
åñòü ñòàíäàðòíûé ìàí¸âð «ñ ïðèâåòîì îò Ìàðîöè» -} Ng4 $1 10. Qxg4 Nxd4 11.
Qd1 Nxb3 12. cxb3 {
, è ôåðçåâûé ôëàíã áåëûõ ïðåäñòàâëÿåò èç ñåáÿ æàëêîå çðåëèùå.}) 9... d5 (9...
d6 10. Qd2 {ïðèâîäèëî ê Àòàêå Ðàóçåðà.}) 10. Bxd5 ({Â ñëó÷àå} 10. exd5 {
ïðèìåíÿëîñü} Nb4 11. d6 ({ðàíüøå èãðàëè} 11. Nde2 {
, íî òàêæå íè÷åãî íå äîñòèãàëè} a4 $1 12. Nxa4 Nfxd5 13. Bf2 Bf5 $1 {
ñ íåÿñíîé èãðîé} (13... b5 $5)) 11... Qxd6 12. O-O Bd7 13. a4 Nfd5 14. Nxd5
Nxd5 15. Bf2 Nf4 (15... Rfd8 $5) 16. Re1 Rfd8 17. Ne2 Bxb2 18. Qxd6 Nxe2+ 19.
Rxe2 exd6 20. Rd1 Bc6 21. Re7 d5 22. Bb6 Rd6 {- ñ ïåðåâåñîì ó ÷¸ðíûõ, êîòîðûé
â ïàðòèè Gabrielian,A (2333) - Malakhov,V (2613)/Moscow 2002/EXT 2003 î÷åíü
áûñòðî ñòàë ðåøàþùèì:} 23. c4 Bf6 24. Ree1 Bxa4 25. Bxa4 {è ò.ä. Òî åñòü:}
Rxb6 26. cxd5 Rb4 27. Re4 Rb2 28. Bd7 Rd8 29. Bh3 b5 30. d6 a4 31. d7 a3 32.
Ree1 a2 33. Ra1 b4 34. Re8+ Kg7 {0-1}) 10... Nxd5 11. exd5 Nb4 12. Nde2 e6 ({
Õóæå ñìîòðèòñÿ} 12... Bf5 13. Rc1 b5 14. a3 Nxc2+ 15. Rxc2 Bxc2 16. Qxc2 b4 17.
Na4 Qxd5 18. Nb6 Qe6 19. Kf2 Rab8 20. Nf4 Qa2 21. axb4 axb4 22. Qb1 (22. Nfd5
$5) 22... b3 23. Qxa2 bxa2 24. Ra1 Rfc8 25. Rxa2 Rc2+ 26. Kg3 Rxb2 27. Ra6 e6
28. Nd7 Rd8 29. Ra7 Rb3 30. Bc5 Re8 31. Bd6 Rb5 {, è ïîñëå äëèòåëüíîé áîðüáû
ïàðòèÿ çàêîí÷èëàñü âíè÷üþ (Yakovich,Y (2577) - Tiviakov,S (2618)/Port Erin
2001):} 32. Nc5 Bd4 33. Rc7 Ra8 34. Nfd3 Rba5 35. h4 R5a7 36. Rc6 Kg7 37. Ne4
Rd8 38. Rc4 Ba1 39. Be5+ Bxe5+ 40. Nxe5 Rd5 41. f4 h5 42. Rb4 Re7 43. Rb6 Ra7
44. Nd6 Re7 45. Ra6 Rd4 46. Kf3 f6 47. Nec4 e5 48. fxe5 fxe5 49. g3 e4+ 50. Ke2
Rd3 51. Ne3 Rb3 52. Ndc4 Rb5 53. Ra2 Rc5 54. Nd6 Re6 55. Rd2 Rc6 56. Ndc4 Re7
57. Rd4 Ra6 58. Nd5 Rd7 59. Ke3 Ra1 60. Kxe4 Rf1 61. Nce3 Rf2 62. Rd3 Rd8 63.
Nc4 Re8+ 64. Kd4 Ref8 65. Ne5 R8f5 66. Ra3 Kh6 67. Ne3 Rf6 68. Ra8 Rd2+ 69. Ke4
Re6 70. Ra5 Rd7 71. Nd5 Rdd6 72. Ra7 Ra6 73. Rb7 Ra4+ 74. Nb4 Ra5 75. Nbd3 {1/2
}) 13. a3 Nxd5 14. Nxd5 exd5 15. Bd4 Bh6 {Ãîðäûé ñëîí íå ñíèñõîäèò äî ðàçìåíà!}
({«Òîëüêî» ðàâåíñòâî ïîëó÷àåòñÿ ïîñëå} 15... Bxd4 $6 16. Qxd4 Bf5 17. O-O-O
Qg5+ 18. Rd2 Qxg2 19. Ng3 Qh3 20. Qxd5 Rad8 21. Qxd8 Rxd8 22. Rxd8+ Kg7 23. Rd2
) 16. O-O Re8 17. Kh1 {Íîâèíêà â ïîçèöèè, ãäå ó ÷¸ðíûõ óæå ëó÷øå. Çà÷åì æå
áåëûå òàê óïðÿìî èäóò íà ýòîò âàðèàíò?} ({Äî ýòîãî âñòðå÷àëîñü} 17. Bf2 {
è ïîñëå} Qg5 (17... Qd6 $5) 18. Nd4 Bg7 19. c3 Bh3 $6 (19... a4 $5) 20. Bg3
Qe3+ 21. Kh1 Bxd4 $2 22. Re1 Qg5 23. Qxd4 Bd7 24. Be5 Bc6 25. Bf6 Qh6 26. h3 a4
27. Rac1 Qf8 28. Kg1 h6 29. h4 Rxe1+ 30. Rxe1 Re8 31. Rxe8 Qxe8 {áåëûå ïîëó÷èë
è âûãîäíûé ýíäøïèëü (Lendwai,R (2375) - Volkmann,F (2355)/Austria 1996/CBM).
Âïðî÷åì, ïàðòèÿ çàêîí÷èëàñü âíè÷üþ.} 32. Qf4 Qe6 33. Bd4 Kh7 34. Be3 h5 35.
Qh6+ Kg8 36. Kf2 Bb5 37. Qg5 Kh7 38. Qh6+ Kg8 39. Qg5 Kh7 40. Bd4 Bc6 41. Qd8
Be8 42. Kg3 Qe1+ 43. Kh2 Qe6 44. Qc7 Qe1 45. Bf6 Qe6 46. Qf4 Bc6 47. Be5 Qf5
48. Qd4 Qc8 49. g4 hxg4 50. fxg4 Qe6 51. Kg3 Bd7 52. Qf4 Bc6 53. Bd4 Qe1+ 54.
Bf2 Qe6 55. Bd4 Qe1+ 56. Bf2 Qe6 57. Be3 Bd7 58. Kf2 Kg8 59. Kg3 Qe4 60. Qxe4
dxe4 {1/2}) ({Òàêæå íè÷üÿ ïîëó÷èëàñü è ïîñëå} 17. Re1 Ra6 18. Nc3 Rae6 19.
Rxe6 fxe6 20. Qe2 e5 21. Bf2 d4 22. Rd1 Bd7 23. Ne4 Bf5 $11 {
è ò.ä. (Klovans,J (2465)-Quinn,M (2350)/Schwarzach 1998):}) 17... Qh4 ({Ïîñëå} 
17... Qd6 18. Re1 Bd7 {çà ñ÷,ò äâóõ ñëîíîâ ó ÷¸ðíûõ íåìíîãî ïðèÿòíåå.}) 18.
Bf2 Qc4 19. Nd4 ({Ê íåáîëüøîìó ïðåèìóùåñòâó ÷¸ðíûõ âåëî è} 19. Nc3 Be6 20. Bd4
Bf5 21. b3 Qc6 {è ò.ä.}) 19... Bd7 20. Re1 Rac8 21. c3 Rxe1+ 22. Qxe1 Re8 23.
Qd1 b5 {Èãðà ÷¸ðíûõ âåñüìà ëîãè÷íà.} 24. Bg1 Bf4 25. Qc2 h5 26. h3 Bh6 ({
Çàñëóæèâàëî âíèìàíèÿ} 26... a4 {, ôèêñèðóÿ ôëàíã.}) 27. Qd1 {, è òóò âäðóã
ïîñëåäîâàëî ñîãëàøåíèå íà íè÷üþ.  Îöåíêà ïîçèöèè íå âûçûâàåò ñîìíåíèé: ó ÷,
ðíûõ áîëüøå ïðîñòðàíñòâà, äâà àêòèâíûõ ñëîíà, îíè âëàäåþò åäèíñòâåííîé
îòêðûòîé ëèíèåé. À ÷òî åñòü ó áåëûõ? Êðîìå «ãîðäîãî» êîíÿ â öåíòðå äîñêè è
ë,ãêîãî «ñêâîçíÿêà» â ðàñïîëîæåíèè ïåøåê? Íå ñîâñåì ïîíÿòíî. Âäîáàâîê ó íèõ,
ê òîìó æå, íåò àêòèâíîãî ïëàíà, è èì îñòà,òñÿ òîëüêî íàáëþäàòü, êàê ÷¸ðíûå
áóäóò ïîñòåïåííî óñèëèâàþò ïîçèöèþ... Òàê ïî÷åìó æå Ñåðãåé îòêàçàëñÿ îò
äàëüíåéøåé áîðüáû?} 1/2-1/2

[Event "Corus Wijk aan Zee"]
[Site " Wijk aan Zee"]
[Date "2007.01.26"]
[Round "11"]
[White "GM Anand, Viswanathan (IND)"]
[Black "GM Shirov, , Alexei (ESP)"]
[Result "1/2-1/2"]
[WhiteElo "2779"]
[BlackElo "2715"]
[Annotator "Âàñèëèé Âèðøè÷"]
[PlyCount "60"]
[EventDate "2007.01.??"]
[EventType "tourn"]
[EventCountry "NED"]
[EventCategory "19"]
[Source "CrestBook.com"]

{Äî íà÷àëà òóðà ìíå äàæå ïðåäëîæèëè ñàìîìó âûáðàòü ïàðòèþ äëÿ
êîììåíòèðîâàíèÿ. Ñïàñèáî, êñòàòè, çà äîâåðèå! Òàê êàê ïðîòèâîñòîÿíèå
Êðàìíèê-Ðàäæàáîâ ïîêàçûâàëè â ðåæèìå îíëàéí, âûáîð ïàë íà ýòó ïàðòèþ. Àíàíä
ÿâíî íå îñòàâèë ÷èñòîëþáèâûõ ïëàíîâ ïîáîðîòüñÿ åñëè íå çà ïîáåäó, òî õîòÿ áû
çà âòîðîå ìåñòî â òóðíèðå. Ê òîìó æå ó íåãî ñðàâíèòåëüíî ë,ãêèé ôèíèø...} 1. e4
e5 2. Nf3 Nf6 {Ïîÿâëÿåòñÿ íåõîðîøåå ïðåä÷óâñòâèå... Íåóæåëè ÿ íå óãàäàë?!} 3.
d4 Nxe4 4. Bd3 d5 5. Nxe5 Nd7 6. Nxd7 Bxd7 7. O-O Bd6 8. c4 c6 9. cxd5 cxd5 10.
Nc3 Nxc3 11. bxc3 O-O 12. Qh5 ({Íè÷åãî íå äà,ò} 12. Qb3 Qc7 13. g3 Bc6 14. Ba3
Bxa3 15. Qxa3 Rfe8 $11 {. Ïîòîìó òàê è íå èãðàëè íèêîãäà!}) 12... g6 13. Qxd5
Qc7 14. c4 ({Â òðåòüåì òóðå Òèâÿêîâ ïðîòèâ Êðàìíèêà èãðàë} 14. Qf3 Qxc3 ({
à ëèíèÿ, íà÷èíàþùàÿñÿ ñ} 14... Bxh2+ 15. Kh1 Bd6 {âèäèìî çàêðûòà, íåñìîòðÿ
íà ðåçóëüòàò  (0-1)  ïàðòèè Laznicka,V (2596)-Shirov,A (2720)/Pamplona ESP
2006, èáî ïîñëå} 16. c4 Rfe8 17. c5 Bf8 18. Be4 Bc6 19. d5 Bb5 20. d6 Qxc5 21.
Bd5 Bg7 22. Ba3 Qd4 23. Bxf7+ Kh8 24. Bxe8 Rxe8 25. Rad1 {áåëûå ïîëó÷èëè ñ
áîëüøîé ïåðåâåñ. Íåêîòîðûé ïîäðîáíîñòè ñì. âîò òóò: https://www.crestbook.com/
?q=node/215}) 15. Bh6 Rfe8 16. Qf6 Bf8 17. Bxf8 Rxf8 18. Be4 Bc6 19. Rac1 Qb4
20. Bxc6 bxc6 21. Rxc6 Rad8 22. Ra6 Qxd4 23. Qxd4 Rxd4 24. Rxa7 Rc8 25. g3 Rc2
{, îäíàêî ÷¸ðíûå è çäåñü óñòîÿëè.} 26. Kg2 Rdd2 27. a3 Ra2 28. h4 Rd3 {
1/2-1/2 Tiviakov,S (2667)-Kramnik,V (2766)/Wijk aan Zee NED 2007}) 14... Be6
15. Qf3 Bxc4 16. Bh6 {À ïîñëå} Rfd8 $146 {Íîâèíêà?!} ({Ýòà ïîçèöèÿ óæå
âñòðå÷àëàñü ó Àíàíäà, ïðè÷,ì òàì ÷¸ðíûå äåéñòâîâàëè, ïî-âèäèìîìó, óäà÷íåå:
} 16... Rfe8 17. Rfc1 b5 18. g3 ({íå òàê ñèëüíî} 18. a4 $6 Qe7 19. Bxc4 bxc4 {
Âîò â ÷åì ðàçíèöà! Íåëüçÿ} 20. Rxc4 $4 {èç-çà} ({íàäî èãðàòü} 20. g3 {è ïîñëå}
Rac8 {è ó ÷åðíûõ äàæå ïîïðèÿòíåå}) 20... Qe1+ {ñ ìàòîì}) 18... Rad8 19. a4 a6
20. Rab1 ({ãðîçíîå ñ âèäó} 20. Qf6 {òîæå ìàëî ÷òî äà,ò:} Bf8 21. Bxf8 Rxf8 22.
Qxa6 Rxd4 23. Bf1 Qd7 24. axb5 Bxf1 25. Rxf1 Rd6 26. Qa4 Rb6 27. Rab1 Rfb8 $11)
20... Bf8 21. Bf4 Qc8 22. Bxc4 bxc4 23. Be3 Bg7 $11 {È äàëåå:} 24. Rb4 c3 25.
a5 Rd7 26. Rc2 Qc7 27. Rb6 Bxd4 28. Bxd4 Rxd4 29. Rxc3 Rc4 30. Re3 Rxe3 31.
Qxe3 Rc1+ 32. Kg2 Qc4 33. Qe8+ Kg7 34. Qe5+ Kh6 35. Qf4+ Qxf4 36. gxf4 Rc3 37.
Rxa6 Ra3 38. f3 Kg7 39. Kg3 Ra4 40. f5 g5 {
1/2-1/2 Anand,V (2781)-Ivanchuk,V (2705)/Mallorca 2004/CBM 104 no vc}) 17. Rfc1
$1 {âûÿñíÿåòñÿ, ÷òî íå âñ¸ çäåñü ó ÷¸ðíûõ òàê óæ áåçîáëà÷íî.} b5 18. a4 ({
Äëÿ òîãî ÷òîáû íå äàòü ÷¸ðíûì âîçìîæíîñòü èñïîðòèòü ñòðóêòóðó íà êîðîëåâñêîì
ôëàíã, ìîãó ïðåäëîæèòü íå òîðîïèòüñÿ:} 18. g3 $5 Bf8 ({
óäèâèòåëüíî, íî íè÷åãî ëó÷øå ó ÷¸ðíûõ íåò. Íàïðèìåð:} 18... Rac8 19. a4 {
è ñåé÷àñ íåëüçÿ} a6 {èç-çà} 20. Qf6 {è, ÷òîáû ñïàñòèñü îò ìàòà, ïðèõîäèòüñÿ
îòäàâàòü ïåøêó «à», ÷òî â îòëè÷èå îò ïàðòèè Àíàíä - Èâàí÷óê äà,ò áåëûì
ïåðåâåñ:} Bf8 21. Bxf8 Rxf8 22. Qxa6 $16) ({à íà} 18... Be7 {
(ïðèêðûâàÿ ïîëå f6 è íàïàäàÿ íà ïåøêó «d») ñëåäóåò øàáëîííîå} 19. a4 {
, è ÷¸ðíûì íàäî èãðàòü ïðåäåëüíî îñòîðîæíî -} Qd7 20. axb5 Bxb5 $2 21. Bxb5
Qxb5 22. Rc7 Qb4 23. Bg5 $1) 19. Bf4 Bd6 20. Bxd6 Qxd6 21. Bxc4 bxc4 22. Rxc4 {
Ó áåëûõ çäîðîâàÿ ëèøíÿÿ ïåøêà, íî âûèãðàòü ýòó ïîçèöèþ áóäåò îé êàê íå ïðîñòî}
) 18... Qe7 {Âèäèìî, ëó÷øåå} ({Åñòåñòâåííî, ïëîõî «íàïðàøèâàþùååñÿ»} 18...
Bxh2+ $2 19. Kh1 Qd6 (19... Bd6 20. axb5) 20. Bxc4 bxc4 21. Bg5 {
, è ñëîí ÷¸ðíûõ îñíîâàòåëüíî çàâÿç.}) 19. Bxc4 bxc4 20. Rxc4 Qh4 21. Qh3 Qxh3
22. gxh3 {Ïî ìíåíèþ ãðîññìåéñòåðà Ãóôåëüäà «ó áåëûõ ëèøíÿÿ ïåøêà»,
Óòåøåíèåì äëÿ ÷¸ðíûõ ìîæåò ñëóæèòü òîëüêî èçóðîäîâàííûé êîðîëåâñêèé ôëàíã
ïðîòèâíèêà.} Rac8 {Ìåíüøå ôèãóð - áîëüøå øàíñîâ óñòîÿòü.} 23. Rac1 Rxc4 24.
Rxc4 f5 ({Õóæå} 24... f6 25. Be3 Rd7 26. d5 $5 Kf7 27. a5 Ke7 28. Kg2 g5 {
Íå õî÷åòñÿ äàâàòü áåëîìó êîðîëþ ïóòè ïðîíèêíîâåíèÿ, íî è ñïîêîéíî ñìîòðåòü,
êàê áåëûå óñèëèâàþò ïîçèöèþ òîæå óæå íåëüçÿ.} 29. a6 Bf4 30. Bxf4 gxf4 31.
Rc5 Kd6 32. Rb5 Rc7 33. h4 {, è áåëûå äîëæíû ïîáåäèòü.}) 25. Bd2 ({Ñëàáî} 25.
Be3 {ââèäó} f4 $1) 25... Kf7 26. Rc6 Rd7 27. Kg2 ({
Åù¸ ïðîùå çàäà÷à ÷¸ðíûõ ïîñëå} 27. Ra6 Bb8 28. Bc3 Rd6 29. Rxd6 Bxd6 $11)
27... Be7 28. Bc3 Bd8 29. Ra6 Bf6 30. Kf3 Bxd4 ({
Íè÷üÿ. Íî íå ðàíî ëè? Ïîïðîáóåì (ïîñëå} 30... Bxd4 {) ïðîäîëæèòü:} 31. Bxd4
Rxd4 32. Rxa7+ Ke6 33. a5 Ra4 34. Kg3 Ra3+ 35. f3 Ra4 36. a6 Kd5 37. h4 h5 {
. Íåò â ñàìûé ðàç, óñèëèòü ïîçèöèþ áåëûå íå ìîãóò.}) 1/2-1/2